ASTERISK - modelové riešenie

Enregistré dans:
Détails bibliographiques
Auteur principal: Bytčánek, Matej (Auteur)
Autres auteurs: Baroňák, Ivan (Directeur de thèse)
Format: Manuscrit Livre
Langue:slovaque
Publié: 2016
Sujets:
Accès en ligne:http://is.stuba.sk/zp/portal_zp.pl?podrobnosti=107339
Tags: Ajouter un tag
Pas de tags, Soyez le premier à ajouter un tag!

MARC

LEADER 00000ntm a22000003a 4500
001 stuzp54805
003 SK-STU
005 20160811100340.7
007 ta
008 150427s2015----xo-----f-mn---000-0-slo-d
040 |a STU  |b slo 
041 0 |a slo 
044 |a xo 
100 1 |a Bytčánek, Matej  |u 037000  |4 aut  |U FEI Fakulta elektrotechniky a informatiky  |T FEI Ústav telekomunikácií  |X 72997  |U E070  |Y 818  |7 72997 
242 0 1 |a Asterisk- model solution  |y eng 
245 1 0 |a ASTERISK - modelové riešenie 
260 |c 2016 
300 |a 52 s.,  |b CD-ROM 
650 4 |a software clients  |2 eng 
650 4 |a branch exchange  |2 eng 
650 4 |a codecs  |2 eng 
650 4 |a protocols  |2 eng 
650 4 |a VoIP  |2 eng 
650 4 |a softvéroví klienti  |2 slo 
650 4 |a pobočková ústredňa  |2 slo 
650 4 |a kódeky  |2 slo 
650 4 |a protokoly  |2 slo 
650 4 |a VoIP  |2 slo 
700 1 |a Baroňák, Ivan  |u 037000  |k Z1  |4 ths  |U FEI Fakulta elektrotechniky a informatiky  |T FEI Ústav telekomunikácií  |X 1925  |U E070  |Y 818  |7 A000001925 
856 4 |u http://is.stuba.sk/zp/portal_zp.pl?podrobnosti=107339 
996 |b 284ER02132  |c E*Bc- 2132  |l EE37  |s P  |a 0  |w stuzp54805_0001 
SQL |a stuzp54805  |b DBP  |c SLO  |d ASTERISK - modelové riešenie  |e 72997  |f Bytčánek, Matej  |g 037000  |h 1925  |i Baroňák, Ivan  |j 20160706  |k 78  |l 03  |m http://is.stuba.sk/zp/portal_zp.pl?podrobnosti=107339  |n B-TLK  |o 5.2.15. telekomunikácie